[Event "Vienna Advent op"]
[Site "Vienna"]
[Date "2024.12.14"]
[Round "6"]
[White "Kellner, Nikolaus"]
[Black "Stanivukovic, Drago"]
[Result "0-1"]
[WhiteElo "1786"]
[BlackElo "1918"]
[PlyCount "48"]
[EventDate "2024.12.09"]
[EventType "swiss"]
[EventRounds "7"]
[EventCountry "AUT"]
[SourceTitle "CB04_2025"]
[SourceDate "2025.01.22"]
[SourceVersion "1"]
[SourceVersionDate "2025.01.22"]
[SourceQuality "1"]

1. Nf3 g6 2. g4 Bg7 3. d3 d5 4. g5 e5 5. Rg1 h6 6. Nc3 c6 7. e4 d4 8. Ne2 Be6 9. c4 Nd7 10. Qb3 b5 11. Qc2 bxc4 12. dxc4 Nb6 13. Ng3 hxg5 14. Bxg5 f6 15. Nxe5 fxg5 16. Nxc6 Qc7 17. e5 Qxc6 18. Qxg6+ Kf8 19. Bg2 Qxc4 20. Bxa8 Nxa8 21. Qxg5 Qb4+ 22. Kd1 Qa4+ 23. Ke2 Qc2+ 24. Kf3 Qd3+ 0-1

[Event "Vienna Advent op"]
[Site "Vienna"]
[Date "2024.12.10"]
[Round "2"]
[White "Kucharski, Michael"]
[Black "Kellner, Nikolaus"]
[Result "1/2-1/2"]
[WhiteElo "1963"]
[BlackElo "1786"]
[PlyCount "165"]
[EventDate "2024.12.09"]
[EventType "swiss"]
[EventRounds "7"]
[EventCountry "AUT"]
[SourceTitle "CB04_2025"]
[SourceDate "2025.01.22"]
[SourceVersion "1"]
[SourceVersionDate "2025.01.22"]
[SourceQuality "1"]

1. d4 e6 2. Nf3 d5 3. g3 Nf6 4. Bg2 Be7 5. 0-0 0-0 6. Nbd2 Nbd7 7. b3 c5 8. e3 b5 9. a4 Qa5 10. Bb2 b4 11. Ne5 Nxe5 12. dxe5 Nd7 13. e4 Ba6 14. Re1 d4 15. f4 Rfd8 16. Bf1 Nb6 17. Bxa6 Qxa6 18. a5 Nd7 19. Nc4 f6 20. Qd3 Qc6 21. Rad1 Qc7 22. exf6 Nxf6 23. Bc1 Rf8 24. Rd2 g6 25. Rde2 Rae8 26. f5 e5 27. h3 gxf5 28. Nd2 fxe4 29. Nxe4 Nd5 30. Qc4 Qc6 31. Bd2 Kh8 32. Qd3 Rg8 33. Kh2 Rg6 34. Rf1 Reg8 35. Ref2 Nf6 36. Nxf6 Bxf6 37. Rg2 e4 38. Qe2 e3 39. Be1 Be5 40. Rf7 Qd6 41. Qf3 Rf6 42. Qb7 Rxf7 43. Qxf7 Qc7 44. Qf3 Qxa5 45. Kg1 Qc7 46. g4 a5 47. Bh4 Qd6 48. Qe4 Re8 49. Qd3 Bf4 50. g5 e2 51. Rxe2 Be3+ 52. Kg2 Qd5+ 53. Kh2 Bf4+ 54. Kg1 Rxe2 55. Qxe2 Be3+ 56. Kh2 Qe5+ 57. Bg3 Qxg5 58. Qf3 Qe7 59. Qa8+ Kg7 60. Qxa5 Bg5 61. Qb5 h5 62. Qd3 h4 63. Bf2 Qe5+ 64. Kg2 Kf6 65. Qf3+ Qf5 66. Qc6+ Kg7 67. Qb7+ Kh6 68. Qc6+ Qg6 69. Qxg6+ Kxg6 70. Kf3 Kf5 71. Be1 Be7 72. Bf2 Ke5 73. Be1 Kd5 74. Bf2 c4 75. Be1 d3 76. bxc4+ Kxc4 77. cxd3+ Kxd3 78. Bxb4 Bxb4 79. Kg2 Ke3 80. Kh2 Kf3 81. Kh1 Kg3 82. Kg1 Bc5+ 83. Kh1 1/2-1/2

[Event "Vienna Advent op"]
[Site "Vienna"]
[Date "2024.12.09"]
[Round "1"]
[White "Kellner, Nikolaus"]
[Black "Harutyunyan, Axel"]
[Result "0-1"]
[WhiteElo "1786"]
[BlackElo "1988"]
[PlyCount "64"]
[EventDate "2024.12.09"]
[EventType "swiss"]
[EventRounds "7"]
[EventCountry "AUT"]
[SourceTitle "CB04_2025"]
[SourceDate "2025.01.22"]
[SourceVersion "1"]
[SourceVersionDate "2025.01.22"]
[SourceQuality "1"]

1. Nf3 f5 2. e4 fxe4 3. Ng5 Nf6 4. d3 Nc6 5. dxe4 e6 6. Be2 Bc5 7. Nd2 0-0 8. Nb3 Bxf2+ 9. Kf1 Be3 10. Nxe6 dxe6 11. Qxd8 Nxd8 12. Bxe3 Ng4+ 13. Bf3 Nxe3+ 14. Ke2 Nc4 15. Nc5 b6 16. Nd3 Nc6 17. c3 N4e5 18. Nxe5 Nxe5 19. b3 Ba6+ 20. c4 b5 21. c5 b4+ 22. Ke3 Rad8 23. Rhd1 Bb5 24. Rd4 Rxd4 25. Kxd4 Nxf3+ 26. gxf3 Rxf3 27. Rd1 Kf7 28. c6 Rc3 29. a3 a5 30. axb4 axb4 31. Ra1 Rxc6 32. Ra5 Be2 0-1

[Event "Arco op 46th"]
[Site "Arco"]
[Date "2024.10.11"]
[Round "7"]
[White "Roversi, Stefano"]
[Black "Kellner, Nikolaus"]
[Result "0-1"]
[WhiteElo "1664"]
[BlackElo "1810"]
[PlyCount "56"]
[EventDate "2024.10.05"]
[EventType "swiss"]
[EventRounds "9"]
[EventCountry "ITA"]
[SourceTitle "CB44_2024"]
[Source "Chessbase"]
[SourceDate "2024.10.30"]
[SourceVersion "1"]
[SourceVersionDate "2024.10.30"]
[SourceQuality "1"]

1. e4 e6 2. d3 d5 3. Nd2 Nf6 4. Ngf3 Nc6 5. g3 dxe4 6. dxe4 Bc5 7. Bg2 e5 8. 0-0 Qe7 9. Qe2 Bg4 10. Qb5 0-0-0 11. c3 a6 12. Qa4 Rd3 13. Ne1 Rxd2 14. Bxd2 Be2 15. Nc2 Bb5 16. Qb3 Na5 17. Qxb5 axb5 18. b4 Nc4 19. Bg5 Bb6 20. a4 h6 21. axb5 Kb8 22. Bxf6 Qxf6 23. Ra2 Rd8 24. Rfa1 Bxf2+ 25. Kh1 Nb6 26. c4 Rd2 27. c5 Qd8 28. Bf3 Qd3 0-1

[Event "Vienna Silvester op-A"]
[Site "Vienna"]
[Date "2022.01.02"]
[Round "7"]
[White "Kellner, Nikolaus"]
[Black "Geroe, Leonhard"]
[Result "0-1"]
[WhiteElo "1702"]
[BlackElo "1904"]
[PlyCount "116"]
[EventDate "2021.12.27"]
[EventType "swiss"]
[EventRounds "7"]
[EventCountry "AUT"]
[SourceTitle "EXT 2023"]
[Source "ChessBase"]
[SourceDate "2022.10.05"]
[SourceVersion "1"]
[SourceVersionDate "2022.10.05"]
[SourceQuality "1"]

1. c4 Nf6 2. Nf3 g6 3. b4 Bg7 4. Bb2 0-0 5. e3 d6 6. d4 Nbd7 7. Be2 b6 8. d5 a5 9. b5 Nc5 10. Nd4 e5 11. Nc6 Qe8 12. a4 Nfd7 13. Nd2 f5 14. Qc2 Qf7 15. h4 Nf6 16. h5 gxh5 17. 0-0-0 Ng4 18. Rdf1 f4 19. e4 Bd7 20. Nf3 Rae8 21. Ba3 Nxe4 22. Bd3 Ngf6 23. Bxe4 Nxe4 24. Qxe4 Bf5 25. Qe2 Bg4 26. Qc2 Bh6 27. Qc3 e4 28. Bb2 Qg6 29. Nh4 Qg7 30. Qxg7+ Bxg7 31. Bxg7 Kxg7 32. Re1 f3 33. gxf3 exf3 34. Nd4 Kh6 35. Rxe8 Rxe8 36. Ndxf3 Rf8 37. Nd2 Rf7 38. f4 Rxf4 39. Rf1 Rxf1+ 40. Nxf1 Be2 41. Ng3 Kg5 42. Nxe2 Kxh4 43. Kd2 Kg4 44. Ke3 h4 45. Kf2 h5 46. Nc1 Kf4 47. Nb3 Ke4 48. Kg2 Kd3 49. Nxa5 Kd4 50. Nc6+ Kxc4 51. Kh3 Kxd5 52. Kxh4 Kc4 53. Kxh5 d5 54. Kg4 d4 55. Kf3 d3 56. Ke3 Kc3 57. a5 bxa5 58. Nxa5 d2 0-1

[Event "Arco op 43rd"]
[Site "Arco"]
[Date "2021.10.17"]
[Round "9"]
[White "Kellner, Nikolaus"]
[Black "Devnani, Kush"]
[Result "0-1"]
[WhiteElo "1650"]
[BlackElo "1905"]
[PlyCount "72"]
[EventDate "2021.10.09"]
[EventType "swiss"]
[EventRounds "9"]
[EventCountry "ITA"]
[SourceTitle "EXT 2023"]
[Source "ChessBase"]
[SourceDate "2022.10.05"]
[SourceVersion "1"]
[SourceVersionDate "2022.10.05"]
[SourceQuality "1"]

1. c4 c6 2. Nf3 d5 3. g3 Nf6 4. Bg2 dxc4 5. 0-0 Nbd7 6. Qc2 Nb6 7. Na3 g6 8. Nxc4 Nxc4 9. Qxc4 Bg7 10. Qc2 0-0 11. d3 Re8 12. Bf4 Nd5 13. Rad1 Nxf4 14. gxf4 Qd6 15. e3 a5 16. h3 a4 17. b3 axb3 18. axb3 Qb4 19. Qc4 Qd6 20. Ng5 Rf8 21. d4 Bd7 22. d5 Qc7 23. dxc6 Bxc6 24. Bd5 e6 25. Bxc6 Qxc6 26. Qxc6 bxc6 27. Rd7 h6 28. Ne4 Rab8 29. Rc1 Rxb3 30. Rxc6 e5 31. Rcc7 exf4 32. exf4 Rf3 33. Kg2 Rxf4 34. f3 Re8 35. Kg3 Be5 36. Nd6 Rf6+ 0-1

[Event "Budapest FS03 Nadassy"]
[Site "Budapest"]
[Date "2021.03.14"]
[Round "8"]
[White "Kellner, Nikolaus"]
[Black "Mayer, Istvan"]
[Result "0-1"]
[WhiteElo "1646"]
[BlackElo "1845"]
[PlyCount "108"]
[EventDate "2021.03.06"]
[EventType "tourn"]
[EventRounds "10"]
[EventCountry "HUN"]
[SourceTitle "EXT 2022"]
[Source "ChessBase"]
[SourceDate "2021.10.06"]
[SourceVersion "1"]
[SourceVersionDate "2021.10.06"]
[SourceQuality "1"]
[WhiteTeam "Team B"]
[BlackTeam "Team A"]
[WhiteTeamCountry "HUN"]
[BlackTeamCountry "HUN"]

1. c4 e5 2. Nf3 Nc6 3. Nc3 f5 4. d4 e4 5. Ng5 Nf6 6. h4 g6 7. e3 h6 8. Nh3 Nh5 9. g3 Bg7 10. Be2 Nf6 11. Nf4 Ne7 12. d5 d6 13. c5 0-0 14. Qb3 g5 15. hxg5 hxg5 16. Ne6 Bxe6 17. dxe6 dxc5 18. Bd2 c6 19. 0-0-0 b5 20. Bh5 c4 21. Bf7+ Rxf7 22. exf7+ Kxf7 23. Qb4 a5 24. Qc5 Nd7 25. Qd6 Ne5 26. Qxd8 Rxd8 27. Rhf1 Nf3 28. Kc2 b4 29. Na4 Nd5 30. Nc5 Rb8 31. b3 c3 32. Bc1 Rb5 33. Na4 Nf6 34. Rd6 Ne5 35. Rd4 Bf8 36. Rd8 Be7 37. Rc8 Ke6 38. Rh1 Nfg4 39. Rf1 Kd7 40. Ra8 Nd3 41. Ra7+ Kd6 42. f3 Ngf2 43. fxe4 fxe4 44. Ra6 Bd8 45. Ra8 Kd7 46. a3 g4 47. axb4 axb4 48. Ra7+ Bc7 49. Rg1 Kc8 50. Ra8+ Bb8 51. Nxc3 bxc3 52. Kxc3 Kb7 53. Ra4 Be5+ 54. Kc4 Rc5# 0-1

[Event "Budapest FS03 Nadassy"]
[Site "Budapest"]
[Date "2021.03.13"]
[Round "7"]
[White "Kahn, Evarth"]
[Black "Kellner, Nikolaus"]
[Result "1-0"]
[WhiteElo "2167"]
[BlackElo "1646"]
[PlyCount "59"]
[EventDate "2021.03.06"]
[EventType "tourn"]
[EventRounds "10"]
[EventCountry "HUN"]
[SourceTitle "EXT 2022"]
[Source "ChessBase"]
[SourceDate "2021.10.06"]
[SourceVersion "1"]
[SourceVersionDate "2021.10.06"]
[SourceQuality "1"]
[WhiteTeam "Team A"]
[BlackTeam "Team B"]
[WhiteTeamCountry "HUN"]
[BlackTeamCountry "HUN"]

1. e4 d5 2. exd5 Nf6 3. c4 c6 4. dxc6 Nxc6 5. Nf3 e5 6. d3 Bc5 7. Be2 Qb6 8. 0-0 Ng4 9. Qe1 Nb4 10. Na3 Bf5 11. d4 exd4 12. Nh4 0-0-0 13. Nxf5 Rhe8 14. Nxg7 f5 15. Nxe8 Rxe8 16. Bxg4 Rxe1 17. Bxf5+ Kd8 18. Rxe1 Qf6 19. g4 d3 20. Be3 Bxe3 21. Rxe3 Qxb2 22. Rd1 d2 23. Nb1 Qc1 24. Ree1 Qxc4 25. Nxd2 Qxa2 26. Nc4+ Kc7 27. Re7+ Kc6 28. Bd7+ Kc5 29. Re5+ Nd5 30. Ne3 1-0

[Event "Budapest FS03 Nadassy"]
[Site "Budapest"]
[Date "2021.03.12"]
[Round "6"]
[White "Kellner, Nikolaus"]
[Black "Juracsik, Jozsef"]
[Result "0-1"]
[WhiteElo "1646"]
[BlackElo "2075"]
[PlyCount "42"]
[EventDate "2021.03.06"]
[EventType "tourn"]
[EventRounds "10"]
[EventCountry "HUN"]
[SourceTitle "EXT 2022"]
[Source "ChessBase"]
[SourceDate "2021.10.06"]
[SourceVersion "1"]
[SourceVersionDate "2021.10.06"]
[SourceQuality "1"]
[WhiteTeam "Team B"]
[BlackTeam "Team A"]
[WhiteTeamCountry "HUN"]
[BlackTeamCountry "HUN"]

1. c4 Nf6 2. Nf3 g6 3. b4 Bg7 4. Bb2 d6 5. d3 e5 6. Nc3 0-0 7. g3 a5 8. b5 Nbd7 9. Bg2 Nc5 10. a4 Nh5 11. Nd2 f5 12. Bd5+ Kh8 13. Bf3 Bd7 14. Qc2 c6 15. e3 Qe7 16. Ba3 e4 17. dxe4 fxe4 18. Bxe4 Qf6 19. Ndb1 Nxe4 20. Qxe4 Qxf2+ 21. Kd1 Bf5 0-1

[Event "Budapest FS03 Nadassy"]
[Site "Budapest"]
[Date "2021.03.09"]
[Round "4"]
[White "Kellner, Nikolaus"]
[Black "Farago, Sandor"]
[Result "1-0"]
[WhiteElo "1646"]
[BlackElo "2189"]
[PlyCount "92"]
[EventDate "2021.03.06"]
[EventType "tourn"]
[EventRounds "10"]
[EventCountry "HUN"]
[SourceTitle "EXT 2022"]
[Source "ChessBase"]
[SourceDate "2021.10.06"]
[SourceVersion "1"]
[SourceVersionDate "2021.10.06"]
[SourceQuality "1"]
[WhiteTeam "Team B"]
[BlackTeam "Team A"]
[WhiteTeamCountry "HUN"]
[BlackTeamCountry "HUN"]

1. c4 e5 2. Nf3 e4 3. Nd4 Qf6 4. e3 Qe5 5. Be2 c5 6. f4 Qe7 7. Nb5 d6 8. N1c3 Nf6 9. Qa4 Bd7 10. Nc7+ Kd8 11. N3b5 Bxb5 12. Nxb5 Nc6 13. d3 exd3 14. Bxd3 Ng4 15. 0-0 Nb4 16. Bf5 Nh6 17. Bh3 Qe8 18. Rd1 f5 19. a3 Nc6 20. Nxd6 Bxd6 21. Rxd6+ Kc7 22. Rd5 b6 23. Bxf5 Rd8 24. Bh3 Qe4 25. Rg5 g6 26. g3 Qf3 27. Rd5 Ng4 28. Bxg4 Qxg4 29. Bd2 Rhe8 30. Re1 Qf3 31. Rxd8 Rxd8 32. Qc2 h5 33. Bc3 Re8 34. Qxg6 Rxe3 35. Qf7+ Ne7 36. Rxe3 Qxe3+ 37. Kf1 Kd7 38. Qxh5 Qe4 39. Qd1+ Kc8 40. Qg4+ Nf5 41. Qg8+ Kc7 42. Be5+ Nd6 43. Bxd6+ Kxd6 44. Qd8+ Ke6 45. Qe8+ Kf5 46. Qxe4+ Kxe4 1-0

[Event "Budapest FS03 Nadassy"]
[Site "Budapest"]
[Date "2021.03.06"]
[Round "1"]
[White "Juracsik, Jozsef"]
[Black "Kellner, Nikolaus"]
[Result "1-0"]
[WhiteElo "2075"]
[BlackElo "1646"]
[PlyCount "117"]
[EventDate "2021.03.06"]
[EventType "tourn"]
[EventRounds "10"]
[EventCountry "HUN"]
[SourceTitle "EXT 2022"]
[Source "ChessBase"]
[SourceDate "2021.10.06"]
[SourceVersion "1"]
[SourceVersionDate "2021.10.06"]
[SourceQuality "1"]
[WhiteTeam "Team A"]
[BlackTeam "Team B"]
[WhiteTeamCountry "HUN"]
[BlackTeamCountry "HUN"]

1. e4 d5 2. exd5 Nf6 3. d4 Bg4 4. f3 Bf5 5. Bd3 Qxd5 6. Nc3 Qe6+ 7. Nge2 Nc6 8. 0-0 0-0-0 9. Bf4 Qd7 10. Bb5 a6 11. Ba4 b5 12. Bb3 Nxd4 13. Nxd4 Qxd4+ 14. Qxd4 Rxd4 15. Be3 Rd7 16. g4 Bg6 17. h4 h5 18. g5 b4 19. Ne2 Nd5 20. Kf2 e6 21. Rad1 Bf5 22. Ng3 g6 23. Ne4 Bxe4 24. fxe4 Ne7 25. Rxd7 Kxd7 26. Bd4 Rh7 27. Ba4+ c6 28. Bc5 a5 29. Kg2 Kc7 30. Kh3 Rg7 31. c3 bxc3 32. bxc3 Rh7 33. Rd1 Rh8 34. Bd6+ Kb6 35. Rb1+ Ka6 36. Rb8 Bg7 37. Rxh8 Bxh8 38. Bxe7 Kb6 39. c4 Bc3 40. c5+ Kc7 41. Bd6+ Kd7 42. Kg2 Be1 43. Bg3 Bb4 44. Bf2 Bc3 45. Kf3 Be5 46. Be1 Bd4 47. Bxa5 Bxc5 48. Bc3 Ba3 49. Be5 Bc1 50. Ke2 Ba3 51. Kd3 Bb4 52. Bg3 Be7 53. e5 Kc7 54. Kc4 Ba3 55. Bf4 Bb2 56. Bd1 Ba3 57. Bf3 Bb2 58. a4 Kb6 59. a5+ 1-0

[Event "Arco op 42nd"]
[Site "Arco"]
[Date "2020.10.17"]
[Round "8.38"]
[White "Kellner, Nikolaus"]
[Black "Prosperi, Agostino"]
[Result "0-1"]
[WhiteElo "1616"]
[BlackElo "1848"]
[PlyCount "68"]
[EventDate "2020.10.10"]
[EventType "swiss"]
[EventRounds "9"]
[EventCountry "ITA"]
[SourceTitle "CBM 198 Extra"]
[Source "ChessBase"]
[SourceDate "2020.11.30"]
[SourceVersion "1"]
[SourceVersionDate "2020.11.30"]
[SourceQuality "1"]

1. c4 e5 2. Nf3 d6 3. Nc3 Nf6 4. d3 Nc6 5. g3 Be7 6. Bg2 0-0 7. Nd5 Nxd5 8. cxd5 Nb8 9. Nd2 c6 10. Qb3 cxd5 11. Qxd5 Nc6 12. 0-0 Be6 13. Qb5 Nd4 14. Qxb7 Nc2 15. Rb1 Bxa2 16. Qxa8 Qxa8 17. Bxa8 Rxa8 18. b3 Bxb1 19. Nxb1 Nd4 20. Nc3 Nxb3 21. Nd5 Kf8 22. Be3 Nd4 23. Bxd4 exd4 24. Ra1 Bd8 25. Ra6 Ke8 26. Rxd6 a5 27. Rc6 Kd7 28. Rc4 Kd6 29. Rxd4 Kc5 30. e3 Bf6 31. Nc7 Bxd4 32. exd4+ Kc6 33. Nxa8 Kb7 34. Kf1 a4 0-1

[Event "AUT-ch Vor2 Internet"]
[Site "Playchess.com INT"]
[Date "2020.04.13"]
[Round "8"]
[White "Kellner, Nikolaus"]
[Black "Bauer, Wolfgang1"]
[Result "0-1"]
[WhiteElo "1685"]
[BlackElo "1526"]
[PlyCount "60"]
[EventDate "2020.04.13"]
[EventType "swiss (blitz)"]
[EventRounds "9"]
[EventCountry "AUT"]
[SourceTitle "CBM 195 Extra"]
[Source "ChessBase"]
[SourceDate "2020.05.31"]
[SourceVersion "1"]
[SourceVersionDate "2020.05.31"]
[SourceQuality "1"]

1. g4 d5 2. h3 g6 3. d4 e6 4. c4 dxc4 5. Qa4+ Bd7 6. Qxc4 Bc6 7. Nf3 Bg7 8. Bg2 Bd5 9. Qd3 Nd7 10. Nc3 Bc6 11. Bf4 Ne7 12. 0-0-0 Nd5 13. Bg3 0-0 14. e4 Nxc3 15. bxc3 Ba4 16. Rd2 a6 17. Ne5 Nxe5 18. dxe5 Bb5 19. c4 Qxd3 20. Rxd3 Bxc4 21. Rc3 b5 22. f4 Rfd8 23. Rd1 Rxd1+ 24. Kxd1 Rd8+ 25. Kc2 Bf8 26. a3 a5 27. f5 Bc5 28. f6 Bd4 29. Rf3 Be2 30. Rb3 c5 0-1

[Event "AUT-ch Vor1 Internet"]
[Site "Playchess.com INT"]
[Date "2020.04.11"]
[Round "9"]
[White "Kellner, Nikolaus"]
[Black "Gschiel, Alexander"]
[Result "0-1"]
[WhiteElo "1685"]
[BlackElo "1908"]
[PlyCount "66"]
[EventDate "2020.04.11"]
[EventType "swiss (blitz)"]
[EventRounds "9"]
[EventCountry "AUT"]
[SourceTitle "CBM 195 Extra"]
[Source "ChessBase"]
[SourceDate "2020.05.31"]
[SourceVersion "1"]
[SourceVersionDate "2020.05.31"]
[SourceQuality "1"]

1. g4 d5 2. h3 e5 3. d3 c6 4. Nf3 Qc7 5. Nc3 Be6 6. a3 Bc5 7. Ng5 Qb6 8. e3 Bd7 9. Na4 Qa5+ 10. c3 Bd6 11. b4 Qc7 12. Nc5 h6 13. Nxd7 hxg5 14. Nxb8 Rxb8 15. Qa4 e4 16. Bb2 Nf6 17. c4 Nxg4 18. cxd5 b5 19. Qb3 cxd5 20. Bxg7 Rh7 21. Bd4 Qb7 22. Bg2 Ne5 23. Bxe5 Bxe5 24. d4 Bd6 25. 0-0 Qd7 26. f4 gxf4 27. exf4 Bc7 28. f5 Qd6 29. Rf2 Bb6 30. Rd1 Rc8 31. a4 Rc4 32. a5 Bxd4 33. Rxd4 Rxd4 0-1